The taste of innocence [Large Print] / Stephanie ... Read More
Available copies
- 1 of 1 copy available at LARL/NWRL Consortium. (Show)
- 1 of 1 copy available at Northwest Regional Library.
Current holds
0 current holds with 1 total copy.
Show Only Available Copies
| Location | Call Number / Copy Notes | Barcode | Shelving Location | Status | Due Date |
|---|---|---|---|---|---|
| Roseau Public Library | lp LAU (Text) | 35500004087712 | Main | Available | - |
Record details
- ISBN: 9780061233111 (trade pbk.) :
- ISBN: 0061233110 (trade pbk.) :
- Physical Description: 694 p. (large print) ; 23 cm.
- Edition: 1st Harperluxe ed.
- Publisher: New York : Harperluxe, c2007.
Search for related items by subject
| Subject: | Cynster family (Fictitious characters) > Fiction. |
| Genre: | Regency fiction. Love stories. |
| LDR | 01298nam a2200301Ia 4500 | ||
|---|---|---|---|
| 001 | 75056 | ||
| 003 | LARL_NWRL_CONSORTIUM | ||
| 005 | 20070305113312.0 | ||
| 008 | 070223s2007 nyu d 000 1 eng d | ||
| 020 | . | ‡a9780061233111 (trade pbk.) : ‡c$24.95 | |
| 020 | . | ‡a0061233110 (trade pbk.) : ‡c$24.95 | |
| 035 | . | ‡a(OCoLC)84900533 | |
| 040 | . | ‡aOCO ‡cOCO | |
| 100 | 1 | . | ‡aLaurens, Stephanie. ‡0(LARL_NWRL_CONSORTIUM)139417 |
| 245 | 1 | 4. | ‡aThe taste of innocence ‡h[Large Print] / ‡cStephanie Laurens. |
| 250 | . | ‡a1st Harperluxe ed. | |
| 260 | . | ‡aNew York : ‡bHarperluxe, ‡cc2007. | |
| 300 | . | ‡a694 p. (large print) ; ‡c23 cm. | |
| 650 | 0. | ‡aCynster family (Fictitious characters) ‡vFiction. | |
| 655 | 7. | ‡aRegency fiction. ‡2gsafd | |
| 655 | 7. | ‡aLove stories. ‡2gsafd | |
| 901 | . | ‡a75056 ‡bOCLC ‡c75056 ‡tbiblio | |

Add to basket
Permalink
Disable Highlighting